| 000 | 005340000a22001810004500 | ||
|---|---|---|---|
| 003 | MACL | ||
| 005 | 20160401151109.0 | ||
| 008 | 160401b xxu||||| |||| 00| 0 eng d | ||
| 040 |
_aMACL _cMACL |
||
| 041 | _aHindi | ||
| 082 | _a333 | ||
| 100 |
_aशमशेर अहमद खान _949687 |
||
| 245 | _aपर्यावरण एवं पक्षी | ||
| 260 |
_bविघा प्रकाशन मंदिर _c2000 _aदिल्ली |
||
| 350 | _a150 | ||
| 650 |
_aEnvironment _949688 |
||
| 942 |
_cHIN _k333 _2ddc |
||
| 999 |
_c18044 _d18044 |
||